| 000 | 00845nam a2200265 i 4500 | ||
|---|---|---|---|
| 003 | DO-SdBNP | ||
| 005 | 20241011151919.0 | ||
| 007 | ta | ||
| 008 | 241011s1998 dr 001 0 spa d | ||
| 040 |
_aDO-SdBNP _bspa _cBNPHU _erda |
||
| 082 |
_bG934 _222 |
||
| 100 | 1 |
_4aut. _aGuerrero, Fernando _973924 _eautor |
|
| 245 | 1 | 0 |
_aTocando tu corazón / _cFernando Guerrero |
| 264 | 1 |
_aSanto Domingo : _bEditorial Valdez, _c1998. |
|
| 300 |
_a365 páginas _c21 cm. |
||
| 336 |
_atexto _btxt _2rdacontent |
||
| 337 |
_asin mediación _bn _2rdamedia |
||
| 338 |
_avolumen _bnc _2rdacarrier |
||
| 500 | _aMeditaciones diarias para todo el año. | ||
| 590 | _aInventariado, 2024/ YL | ||
| 650 | 4 |
_aSindicalismo _zRepública Dominicana _xEnseñanza _953988 |
|
| 650 | 4 |
_aSindicatos _zRepública Dominicana _97318 |
|
| 910 | _aYLockward | ||
| 942 |
_2ddc _cLBS1 |
||
| 999 |
_c57834 _d57834 |
||